00376nam a22001337a 4500003000400000020001800004082001200022100001700034245005200051250000800103260002800111300000800139653009500147SGT a9789350719664 a331 SHE aSHETH,TEJPAL aINDUSTRIAL LABOUR & GENERAL LAWS: THEORY & MCQS a4TH aNEW DELHIbTAXMANc2016 a420 aAs Per OMR Based Examination Tabular Presentation of Theory More than 2600 MCQs Mock Tests